Countries with gold medals in the Olympic marathon (men) - Statistics

General Stats
  • This quiz has been taken 35 times
  • The average score is 11 of 17
Answer Stats
Gold medals year(s) Answer % Correct
3 2008, 2016, 2020 Kenya
97%
5 1960, 1964, 1968, 2000, 2024 Ethiopia
94%
3 1904, 1908, 1972 United States of America
94%
2 1976, 1980 Germany (GDR)
91%
2 1928, 1956 France
85%
2 1988, 2004 Italy
82%
1 1906 Canada
79%
1 1936 Japan
79%
1 1896 Greece
58%
2 1912, 1996 South Africa
58%
1 1992 South Korea
55%
1 2012 Uganda
55%
1 1984 Portugal
48%
2 1932, 1948 Argentina
39%
2 1920, 1924 Finland
39%
1 1952 Czech Republic (Czechoslovakia)
30%
1 1900 Luxembourg
9%
No matching quizzes found
Score Distribution
Percent of People with Each Score
Percentile by Number Answered
Your Score History
You have not taken this quiz